000 00594cam a22002172 4500
001 0000005234
005 20151217151957.0
008 070608s xx 000 0 eng d
020 _a0071156044 :
_cKES 3,396
040 _aKABU
_cKABU
050 0 _aTK7816
_b.M35 1999
100 1 _aMalvino, Albert Paul.
_@0000148513
245 1 0 _aElectronic principles.
250 _a6th ed.
260 _aNew York :
_bMcGraw-Hill,
_c1999.
300 _axi, 1012 p.
650 0 _aElectronics.
_@0000010711
908 _a070608
950 _@1
999 _c6933
_d6933